| 000 | 01048cac a22003135a 4500 | ||
|---|---|---|---|
| 008 | 100907s1968 xxua|||| |||| 001 0 eng d | ||
| 010 | _a76424475 | ||
| 040 |
_beng _dEG-ScBUE |
||
| 041 | 1 |
_aeng _hrus |
|
| 082 | 0 | 0 |
_a624.182 _bMUK _222 |
| 100 | 1 |
_aMukhanov, Konstantin Ktinovic _918655 |
|
| 240 |
_aMetallicheskie konstruktsii. _lEnglish |
||
| 245 | 1 | 0 |
_aDesign of Metal Structures / _cK. K. Mukhanov; Translated from the Russian by G. Leib. |
| 260 |
_aMoscow : _bMir , _c1968. |
||
| 300 |
_a517 p. : _bill. ; _c22 cm. |
||
| 500 | _a"Revised from the Russian 1963 ed." | ||
| 500 | _aIndex : p. 509-517. | ||
| 500 | _aDonations - Bibliotheca Alexandrina. | ||
| 546 | _aText in English ; translated from original Russian. | ||
| 590 | _adoaa mohamed | ||
| 650 | 0 |
_aBuilding, Iron and steel. _918656 _2BUEsh |
|
| 650 | 0 |
_aSteel, Structural. _918657 _2BUEsh |
|
| 650 | 0 |
_aAluminum. _918658 _2BUEsh |
|
| 651 | _2BUEsh | ||
| 653 | _bENGCIV | ||
| 655 |
_vreading book _934232 |
||
| 700 |
_aLeib, G. _eTranslator |
||
| 942 |
_cBB _k624.182 MUK _2ddc |
||
| 999 |
_c3502 _d3502 |
||